| Tag |
First Indicator |
Second Indicator |
Subfields |
| LEADER |
00000cam a2200000 i 4500 |
| 001 |
in00000042861 |
| 005 |
20151007064909.0 |
| 008 |
790813s1979 stk b 00110 eng |
| 010 |
|
|
|a 79311690
|
| 015 |
|
|
|a GB***
|
| 020 |
|
|
|a 0707302307 :
|c 4.95
|
| 035 |
|
|
|a (OCoLC)05327530
|
| 035 |
|
|
|9 AAE0851AM
|
| 040 |
|
|
|a DLC
|c DLC
|d TXA
|d UtOrBLW
|
| 043 |
|
|
|a e-uk---
|a e-uk-st
|
| 049 |
|
|
|a TXAM
|c [1159677]
|
| 050 |
0 |
0 |
|a JN1231
|b .P67
|
| 100 |
1 |
|
|a Pottinger, George.
|
| 245 |
1 |
0 |
|a Secretaries of State for Scotland, 1926-76 :
|b fifty years of the Scottish Office /
|c George Pottinger.
|
| 264 |
|
1 |
|a Edinburgh :
|b Scottish Academic Press,
|c [1979]
|
| 264 |
|
4 |
|c ©1979
|
| 300 |
|
|
|a viii, 214 pages ;
|c 23 cm.
|
| 336 |
|
|
|a text
|b txt
|2 rdacontent
|
| 337 |
|
|
|a unmediated
|b n
|2 rdamedia
|
| 338 |
|
|
|a volume
|b nc
|2 rdacarrier
|
| 500 |
|
|
|a Includes index.
|
| 504 |
|
|
|a Bibliography: pages 205-206.
|
| 610 |
1 |
0 |
|a Great Britain.
|b Scottish Office
|x History.
|
| 651 |
|
0 |
|a Scotland
|x Politics and government
|y 20th century.
|
| 999 |
|
|
|a MARS
|
| 999 |
f |
f |
|s efdd4b0f-34e3-3942-b0e7-88defa16c0fe
|i 5792993d-dab9-33ce-91c0-4568d3b9732c
|t 0
|
| 952 |
f |
f |
|p ric
|a Texas A&M University
|b Rellis Campus
|c Joint Library Facility
|d Remote Storage
|t 0
|e JN1231 .P67
|h Library of Congress classification
|i unmediated -- volume
|m A14803114059
|
| 998 |
f |
f |
|a JN1231 .P67
|t 0
|l Remote Storage
|